[Event "CZE-ch op"]
[Site "Havlickuv Brod"]
[Date "2015.05.16"]
[Round "1"]
[White "Marhan, Frantisek"]
[Black "Bartos, Jan"]
[Result "0-1"]
[WhiteElo "1741"]
[BlackElo "2214"]
[PlyCount "70"]
[EventDate "2015.05.16"]
[EventType "swiss"]
[EventRounds "9"]
[EventCountry "CZE"]
[SourceTitle "CBM 166 Extra"]
[Source "ChessBase"]
[SourceDate "2015.06.18"]
[SourceVersion "1"]
[SourceVersionDate "2015.06.18"]
[SourceQuality "1"]

1. Nf3 g6 2. c4 Bg7 3. g3 f5 4. Bg2 Nf6 5. d3 0-0 6. 0-0 d6 7. Nc3 e5 8. Bg5 h6 9. Bd2 Nc6 10. Qc2 Nh5 11. Rac1 g5 12. Nd5 f4 13. Bc3 Be6 14. b4 Qd7 15. b5 Nd8 16. Nd2 c6 17. bxc6 bxc6 18. Nb4 a5 19. Qa4 axb4 20. Qxa8 bxc3 21. Ne4 g4 22. Qa3 f3 23. exf3 gxf3 24. Bh1 d5 25. cxd5 cxd5 26. Nxc3 Nf4 27. Rfd1 Qf7 28. Rc2 Qg6 29. Rdd2 e4 30. dxe4 dxe4 31. Qc5 Nf7 32. Kf1 Bh3+ 33. Kg1 Rc8 34. Qe3 Qa6 35. Rd1 Rxc3 0-1

[Event "Hradec Kralove op"]
[Site "Hradec Kralove"]
[Date "2012.05.18"]
[Round "8"]
[White "Szucs, Matyas"]
[Black "Marhan, Frantisek"]
[Result "1-0"]
[WhiteElo "1861"]
[BlackElo "1770"]
[PlyCount "49"]
[EventDate "2012.05.12"]
[EventType "swiss"]
[EventRounds "9"]
[EventCountry "CZE"]
[SourceTitle "CBM 148 Extra"]
[Source "ChessBase"]
[SourceDate "2012.06.22"]
[SourceVersion "1"]
[SourceVersionDate "2012.06.22"]
[SourceQuality "1"]

1. d4 Nf6 2. Nf3 g6 3. Nbd2 Bg7 4. e4 d6 5. Bd3 0-0 6. 0-0 Nbd7 7. c4 e5 8. d5 Nc5 9. Be2 a5 10. b3 Bg4 11. Rb1 Bh6 12. h3 Bd7 13. a3 b6 14. Re1 Qc8 15. Nf1 Bxc1 16. Qxc1 Kg7 17. Ng3 Ng8 18. Qe3 Qd8 19. b4 Nb7 20. c5 bxc5 21. bxc5 Nxc5 22. Nxe5 Nxe4 23. Nxd7 Qxd7 24. Qxe4 Nf6 25. Qd4 1-0

[Event "Novy Bor op"]
[Site "Novy Bor"]
[Date "2011.02.12"]
[Round "1"]
[White "Vorobyov, Yrij"]
[Black "Marhan, Frantisek"]
[Result "1-0"]
[WhiteElo "2203"]
[BlackElo "1734"]
[PlyCount "117"]
[EventDate "2011.02.12"]
[EventType "swiss"]
[EventRounds "9"]
[EventCountry "CZE"]
[SourceTitle "CBM 140 Extra"]
[Source "ChessBase"]
[SourceDate "2011.03.01"]
[SourceVersion "1"]
[SourceVersionDate "2011.03.01"]
[SourceQuality "1"]

1. Nf3 d5 2. g3 c6 3. Bg2 Nf6 4. 0-0 Bf5 5. b3 e6 6. Bb2 Be7 7. d3 0-0 8. Nbd2 Qc7 9. Qe1 Nbd7 10. e4 dxe4 11. dxe4 Bg6 12. e5 Nd5 13. Ne4 Bxe4 14. Qxe4 Rad8 15. a3 Nc5 16. Qe2 Rd7 17. c4 Nb6 18. Nd4 Rfd8 19. Rad1 a5 20. Qc2 a4 21. b4 Nb3 22. Nxb3 Rxd1 23. Rxd1 Rxd1+ 24. Qxd1 Nxc4 25. Nc1 Nxb2 26. Qd4 Nc4 27. Qxc4 Qxe5 28. Nd3 Qa1+ 29. Qc1 Qd4 30. Bf1 Bf6 31. Qc5 Qxc5 32. bxc5 Bd4 33. Kg2 e5 34. f3 f5 35. Be2 e4 36. fxe4 fxe4 37. Nb4 Bxc5 38. Bd1 b5 39. Nxc6 Bxa3 40. Nd4 Bc5 41. Nxb5 a3 42. Bb3+ Kf8 43. Nc3 e3 44. Kf3 Ke7 45. Nd5+ Kd6 46. Nxe3 Ke5 47. Nc2 Be7 48. Bg8 h6 49. Bf7 Kf6 50. Ba2 Ke5 51. h4 Bc5 52. Ne3 Bf8 53. Nc2 Bc5 54. h5 Be7 55. g4 Bc5 56. Ne3 Bf8 57. Nf5 Kf6 58. Nh4 Bb4 59. Ng6 1-0